000 00594nam a2200241Ia 4500
003 OSt
005 20220924143613.0
006 a|||||r|||| 00| 0
007 ta
008 220923b |||||||| |||| 00| 0 urd d
020 _c7
024 _a309195
037 _cTextual
040 _aARTS
_cARTS
_burd
041 _2urd
_aurd
082 _aO168,1x4,N2, N4
100 _aSafdar Mirzapuri
_9216452
245 0 _aHusn-e-khayal
260 _c1994
650 _aURDU LITERATURE
942 _hO168,1x4,N2, N4
_cTEXL
_2CC
999 _c455181
_d455181